[Event "ITA-chT A2 36th"]
[Site "Italy"]
[Date "2004.03.21"]
[Round "3"]
[White "Albano, Marco"]
[Black "Pastorini, Mario"]
[Result "1/2-1/2"]
[WhiteElo "2230"]
[BlackElo "2170"]
[PlyCount "89"]
[EventDate "2004.02.22"]
[EventType "team"]
[EventRounds "7"]
[EventCountry "ITA"]
[SourceTitle "EXT 2009"]
[Source "ChessBase"]
[SourceDate "2008.11.26"]
[SourceVersion "1"]
[SourceVersionDate "2008.11.26"]
[SourceQuality "1"]

1. d4 Nf6 2. c4 c5 3. d5 e6 4. Nc3 exd5 5. cxd5 d6 6. g3 g6 7. Bg2 Bg7 8. Nf3 0-0 9. 0-0 Re8 10. Nd2 Nbd7 11. h3 a6 12. a4 b6 13. f4 Rb8 14. e4 b5 15. axb5 axb5 16. g4 c4 17. Ne2 Nc5 18. Ng3 Nd3 19. g5 Nd7 20. h4 N7c5 21. f5 Bd4+ 22. Kh2 Nxc1 23. Rxc1 Nd3 24. Nxc4 bxc4 25. Rxc4 Nxb2 26. Qxd4 Nxc4 27. Qxc4 Qb6 28. fxg6 fxg6 29. Rf6 Bd7 30. h5 Rf8 31. e5 Rxf6 32. gxf6 dxe5 33. d6+ Kf8 34. hxg6 hxg6 35. Qh4 Qxd6 36. Qh8+ Kf7 37. Bd5+ Be6 38. Qg7+ Ke8 39. f7+ Bxf7 40. Bxf7+ Kd8 41. Bxg6 Rb4 42. Kh3 Rf4 43. Bf5 Rf3 44. Kg4 e4 45. Qg5+ 1/2-1/2

[Event "Viareggio Carnevale op 5th"]
[Site "Viareggio"]
[Date "2000.02.25"]
[Round "2"]
[White "Pieraccini, Riccardo"]
[Black "Pastorini, Mario"]
[Result "1-0"]
[WhiteElo "1717"]
[BlackElo "2165"]
[PlyCount "45"]
[EventDate "2000.02.25"]
[EventType "swiss"]
[EventRounds "5"]
[EventCountry "ITA"]
[SourceTitle "EXT 2024"]
[Source "ChessBase"]
[SourceDate "2023.10.10"]
[SourceVersion "1"]
[SourceVersionDate "2023.10.10"]
[SourceQuality "1"]

1. d4 Nf6 2. Nf3 g6 3. Bg5 Bg7 4. Qc1 c5 5. Bh6 Bxh6 6. Qxh6 Qb6 7. Nbd2 cxd4 8. 0-0-0 d6 9. Nc4 Qa6 10. e3 Qxa2 11. Qg7 Rg8 12. Nxd6+ exd6 13. Qxf6 Qa1+ 14. Kd2 Qxb2 15. Nxd4 Qb4+ 16. Ke2 Nd7 17. Qg5 Ne5 18. f3 Qc5 19. f4 Bg4+ 20. Kf2 Bxd1 21. fxe5 Bxc2 22. Bb5+ Kf8 23. Ne6+ 1-0

[Event "ITA-chT UISP 18th"]
[Site "Montecatini Terme"]
[Date "1997.12.??"]
[Round "7"]
[White "Pastorini, Mario"]
[Black "Ciotoli, Patrizio"]
[Result "1-0"]
[WhiteElo "2190"]
[BlackElo "1938"]
[PlyCount "123"]
[EventDate "1997.12.??"]
[EventType "team-tourn"]
[EventRounds "8"]
[EventCountry "ITA"]
[SourceTitle "EXT 2024"]
[Source "ChessBase"]
[SourceDate "2023.10.10"]
[SourceVersion "1"]
[SourceVersionDate "2023.10.10"]
[SourceQuality "1"]

1. c4 c6 2. Nf3 d5 3. b3 e6 4. Bb2 f5 5. g3 Nf6 6. Bg2 Bd6 7. 0-0 0-0 8. d3 Qe7 9. Be5 Nbd7 10. Bxd6 Qxd6 11. cxd5 exd5 12. Nbd2 Ne5 13. Nxe5 Qxe5 14. e3 Be6 15. Qc2 Qd6 16. d4 Ne4 17. Nf3 Rac8 18. Rfc1 c5 19. dxc5 Rxc5 20. Qb2 Rfc8 21. Nd4 Bd7 22. Rxc5 Qxc5 23. Ne2 Qc2 24. Qxc2 Rxc2 25. Nd4 Rc7 26. Kf1 g6 27. Ke2 Kf8 28. f3 Nc3+ 29. Kd2 Nb5 30. Nc2 a5 31. Bf1 Ke7 32. Bxb5 Bxb5 33. Rc1 Bd7 34. Nd4 Rxc1 35. Kxc1 Kd6 36. f4 Kc5 37. Kb2 a4 38. Kc3 axb3 39. axb3 Bc8 40. h4 Bd7 41. Nf3 d4+ 42. exd4+ Kd5 43. Kd3 Be6 44. Nd2 Bd7 45. Nb1 Bb5+ 46. Ke3 Bc6 47. Nc3+ Kd6 48. Kd3 b5 49. b4 Ke6 50. d5+ Bxd5 51. Nxb5 Bg2 52. Kd4 Bf1 53. Nc3 Kd6 54. b5 h6 55. b6 Bg2 56. Nd1 Kc6 57. Ne3 Bf3 58. Nc4 Kb7 59. Kc5 Ka6 60. Ne5 Bh5 61. Kc6 g5 62. b7 1-0

[Event "ITA-chT UISP"]
[Site "Montecatini Terme"]
[Date "1996.??.??"]
[Round "5"]
[White "Tocchioni, Doriano"]
[Black "Pastorini, Mario"]
[Result "1/2-1/2"]
[WhiteElo "2260"]
[BlackElo "2215"]
[PlyCount "111"]
[EventDate "1996.??.??"]
[EventType "team"]
[EventRounds "9"]
[EventCountry "ITA"]
[SourceTitle "EXT 2001"]
[Source "ChessBase"]
[SourceDate "2000.11.22"]
[SourceVersion "1"]
[SourceVersionDate "2000.11.22"]
[SourceQuality "1"]

1. d4 Nf6 2. Bg5 e6 3. Nf3 d5 4. Nbd2 c5 5. e3 Nbd7 6. c3 Be7 7. Bd3 0-0 8. Qe2 b6 9. 0-0 Bb7 10. Ne5 Nxe5 11. dxe5 Nd7 12. Bxe7 Qxe7 13. f4 c4 14. Bc2 Nc5 15. Nf3 g6 16. g4 f6 17. exf6 Rxf6 18. g5 Rff8 19. Ne5 Nd7 20. Qg4 Rae8 21. Rae1 Nxe5 22. fxe5 Rxf1+ 23. Rxf1 Qc5 24. Qd4 Rf8 25. Rf6 Rxf6 26. gxf6 Qxd4 27. exd4 Bc6 28. Kf2 Be8 29. Kg3 b5 30. h4 h6 31. b3 Kf8 32. Kf4 Kg8 33. Bd1 Kh7 34. Bg4 Bf7 35. Ke3 Kg8 36. bxc4 bxc4 37. Kd2 Kh7 38. Ke1 h5 39. Bh3 Kh6 40. Kd2 g5 41. Ke3 g4 42. Bf1 Bg6 43. Be2 Bc2 44. Kf4 Kg6 45. Bf1 Bd3 46. Bg2 Bc2 47. Ke3 Ba4 48. Kd2 Kf7 49. Ke1 Kg6 50. Kd2 Kf7 51. Bf1 Kg6 52. Be2 Kf7 53. Ke3 Kg6 54. Kf4 Bc2 55. Bf1 Bd3 56. Bg2 1/2-1/2

[Event "Budapest FS08 IM"]
[Site "Budapest"]
[Date "1993.??.??"]
[Round "10"]
[White "Pastorini, Mario"]
[Black "Dolgener, Tobias"]
[Result "0-1"]
[WhiteElo "2240"]
[BlackElo "2235"]
[PlyCount "78"]
[EventDate "1993.08.??"]
[EventType "tourn"]
[EventRounds "13"]
[EventCountry "HUN"]
[EventCategory "2"]
[SourceTitle "CBM 036 Extra"]
[Source "ChessBase"]
[SourceDate "1993.11.01"]
[SourceVersion "1"]
[SourceVersionDate "1993.11.01"]
[SourceQuality "1"]

1. c4 e5 2. Nc3 d6 3. Nf3 f5 4. d4 e4 5. Bg5 Be7 6. Bxe7 Nxe7 7. Nd2 Na6 8. e3 0-0 9. Be2 c6 10. 0-0 Be6 11. f3 d5 12. fxe4 fxe4 13. Rxf8+ Qxf8 14. Qb3 Qc8 15. cxd5 cxd5 16. Bxa6 bxa6 17. Ne2 Rb8 18. Rc1 Qd8 19. Qa3 Rb6 20. Nf1 Bf7 21. b3 Be8 22. Rc5 Bb5 23. Nfg3 h5 24. Nc3 h4 25. Nge2 Bd3 26. Nf4 Qd7 27. Qc1 Rf6 28. h3 Rf5 29. Qd1 Rg5 30. Kh1 Qd6 31. Nxd3 exd3 32. Qxd3 Qg3 33. Qe2 Rf5 34. Kg1 Rg5 35. Kh1 Rf5 36. Nd1 Qd6 37. Nf2 Rf8 38. Ng4 Nf5 39. Ne5 Ng3+ 0-1

[Event "Budapest FS08 IM"]
[Site "Budapest"]
[Date "1993.??.??"]
[Round "7"]
[White "Pastorini, Mario"]
[Black "Portisch, Ferenc"]
[Result "0-1"]
[WhiteElo "2240"]
[BlackElo "2405"]
[PlyCount "54"]
[EventDate "1993.08.??"]
[EventType "tourn"]
[EventRounds "13"]
[EventCountry "HUN"]
[EventCategory "2"]
[SourceTitle "CBM 036 Extra"]
[Source "ChessBase"]
[SourceDate "1993.11.01"]
[SourceVersion "1"]
[SourceVersionDate "1993.11.01"]
[SourceQuality "1"]

1. c4 Nf6 2. Nc3 g6 3. g3 Bg7 4. Bg2 0-0 5. Nf3 Re8 6. d3 e5 7. Bg5 h6 8. Bxf6 Qxf6 9. 0-0 d6 10. Rb1 a5 11. a3 c6 12. b4 axb4 13. axb4 Be6 14. b5 Nd7 15. Nd2 Rec8 16. Qb3 Qd8 17. Ra1 Nc5 18. Qb4 Rxa1 19. Rxa1 e4 20. bxc6 bxc6 21. dxe4 Rb8 22. Qa3 Nb3 23. Nxb3 Bxc3 24. Rc1 Ra8 25. Qxa8 Qxa8 26. Rxc3 Qa3 27. Re3 Qb2 0-1

[Event "Budapest FS08 IM"]
[Site "Budapest"]
[Date "1993.??.??"]
[Round "5"]
[White "Pastorini, Mario"]
[Black "Tomcsanyi, Peter"]
[Result "1/2-1/2"]
[WhiteElo "2240"]
[BlackElo "2290"]
[PlyCount "66"]
[EventDate "1993.08.??"]
[EventType "tourn"]
[EventRounds "13"]
[EventCountry "HUN"]
[EventCategory "2"]
[SourceTitle "CBM 036 Extra"]
[Source "ChessBase"]
[SourceDate "1993.11.01"]
[SourceVersion "1"]
[SourceVersionDate "1993.11.01"]
[SourceQuality "1"]

1. c4 c6 2. Nf3 d5 3. b3 Nf6 4. g3 Bf5 5. Bg2 e6 6. 0-0 Be7 7. Bb2 h6 8. d3 0-0 9. Nbd2 Nbd7 10. Rc1 Bh7 11. Rc2 Bd6 12. Qa1 Re8 13. Ne5 Bxe5 14. Bxe5 Nxe5 15. Qxe5 Qb6 16. Rcc1 a5 17. a3 Red8 18. Qb2 Qa7 19. Ra1 b5 20. cxb5 cxb5 21. b4 a4 22. Rac1 Rac8 23. Rc2 Bg6 24. h3 Rxc2 25. Qxc2 e5 26. Rc1 e4 27. dxe4 dxe4 28. Nxe4 Nxe4 29. Bxe4 Bxe4 30. Qxe4 Qd7 31. Rc5 Qxh3 32. Rd5 Rxd5 33. Qxd5 Qc8 1/2-1/2

[Event "Mlada Boleslav op"]
[Site "Mlada Boleslav"]
[Date "1992.??.??"]
[Round "2"]
[White "Berezovics, Alexander"]
[Black "Pastorini, Mario"]
[Result "1-0"]
[WhiteElo "2440"]
[BlackElo "2250"]
[PlyCount "39"]
[EventDate "1992.??.??"]
[EventType "swiss"]
[EventRounds "9"]
[EventCountry "CSR"]
[SourceTitle "EXT 1997"]
[Source "ChessBase"]
[SourceDate "1996.11.15"]
[SourceVersion "1"]
[SourceVersionDate "1996.11.15"]
[SourceQuality "1"]

1. d4 Nf6 2. Nf3 e6 3. Bg5 Be7 4. Nbd2 d5 5. e3 Nbd7 6. Bd3 c5 7. c3 0-0 8. Ne5 h6 9. Bf4 b6 10. h4 Bb7 11. Qf3 h5 12. Qg3 a6 13. Be2 Kh7 14. Qg5 cxd4 15. exd4 b5 16. Rh3 Kg8 17. Nxd7 Qxd7 18. Be5 b4 19. Rg3 Ne8 20. Qxg7+ 1-0

[Event "Forli op"]
[Site "Forli"]
[Date "1989.??.??"]
[Round "8"]
[White "Pozzi, Enrico"]
[Black "Pastorini, Mario"]
[Result "1-0"]
[WhiteElo "2295"]
[BlackElo "2305"]
[PlyCount "49"]
[EventDate "1989.06.??"]
[EventType "swiss"]
[EventRounds "9"]
[EventCountry "ITA"]
[SourceTitle "EXT 1997"]
[Source "ChessBase"]
[SourceDate "1996.11.15"]
[SourceVersion "1"]
[SourceVersionDate "1996.11.15"]
[SourceQuality "1"]

1. e4 c5 2. Nf3 e6 3. d4 cxd4 4. Nxd4 Nf6 5. Bd3 Nc6 6. Nxc6 dxc6 7. 0-0 e5 8. Nd2 Bg4 9. Qe1 Bc5 10. Nc4 Nd7 11. b4 Be7 12. Bb2 Qc7 13. a3 0-0 14. Ne3 Be6 15. c4 a5 16. Qc3 Ra7 17. c5 Rfa8 18. Rac1 axb4 19. axb4 f6 20. Bc4 Bxc4 21. Qxc4+ Kh8 22. Nf5 Bf8 23. Rc3 b6 24. Rb3 bxc5 25. Nh6 1-0